Буддийская традиция Тантр в Тибете (Запись № 12767231)

Подробности
000 -МАРКЕР
контрольное поле 02706nam0a2200433 4500
001 - ИДЕНТИФИКАТОР ЗАПИСИ
контрольное поле RU\NLR\BIBL_A\012664937
005 - ИДЕНТИФИКАТОР ВЕРСИИ
контрольное поле 20250603120239.0
010 ## - МЕЖДУНАРОДНЫЙ СТАНДАРТНЫЙ НОМЕР КНИГИ (ISBN)
Номер (ISBN) 978-5-4469-1815-7
Тираж 300
021 ## - НОМЕР ГОСУДАРСТВЕННОЙ РЕГИСТРАЦИИ
Код страны Российская Федерация
Номер КН-П-21-056155
Номер Листа государственной регистраци КН-П-21-4398
035 ## - ДРУГИЕ СИСТЕМНЫЕ НОМЕРА
Идентификатор записи (NLR Aleph) 012664937
100 ## - ДАННЫЕ ОБЩЕЙ ОБРАБОТКИ
Данные общей обработки 20211214d2020 k y0rusy50 ca
101 1# - ЯЗЫК РЕСУРСА
Язык текста, звукозаписи и т.д. русский
Язык оригинала тибетский
102 ## - СТРАНА ПУБЛИКАЦИИ ИЛИ ПРОИЗВОДСТВА
Страна публикации Российская Федерация
105 ## - ПОЛЕ КОДИРОВАННЫХ ДАННЫХ: ТЕКСТОВЫЕ МАТЕРИАЛЫ, МОНОГРАФИЧЕСКИЕ
Кодированные данные о монографическом текстовом документе a z 001zy
181 #0 - ПОЛЕ КОДИРОВАННЫХ ДАННЫХ: ВИД СОДЕРЖАНИЯ
Код вида содержания (ISBD) i3
Код характеристики содержания (ISBD) axxe
182 #0 - ПОЛЕ КОДИРОВАННЫХ ДАННЫХ: ТИП СРЕДСТВА
Код типа средства (ISBD) n - непосредственное
200 1# - ЗАГЛАВИЕ И СВЕДЕНИЯ ОБ ОТВЕТСТВЕННОСТИ
Основное заглавие Буддийская традиция Тантр в Тибете
Первые сведения об ответственности [Российская академия наук, Институт восточных рукописей]
Последующие сведения об ответственности перевод с тибетского, предисловие, введение, глоссарий Р. Н. Крапивиной
203 ## - ВИД СОДЕРЖАНИЯ И ТИП СРЕДСТВА
Вид содержания Текст
Дополнительные сведения об издании визуальный
Тип средства непосредственный
210 ## - ПУБЛИКАЦИЯ, РАСПРОСТРАНЕНИЕ И ДР.
Место издания, распространения и т.д. Санкт-Петербург
Имя издателя, распространителя и т. д. Нестор-История
Дата издания, распространения и т.д. 2020
215 ## - ФИЗИЧЕСКАЯ ХАРАКТЕРИСТИКА
Специфическое обозначение материала и объем 382, [1] с.
Другие сведения о физической характеристике ил., табл.
Размеры 20
300 ## - ОБЩИЕ ПРИМЕЧАНИЯ
Текст примечания На обороте тит. с. в аннот.: кн. включает общее введение к предмету и курс лекций, который был изложен геше-лхарамбой, доктором буддийской философии Чжамьяном Кенцзэ. Основой для курса послужило сочинение монгол. авт. Нгаван Пэлдэн Чойчжэ "Прояснение текстов [традиции] Тантр: представление устройства этапов и уровней четырёх классов тайной тантры"
320 ## - ПРИМЕЧАНИЯ О НАЛИЧИИ В ДОКУМЕНТЕ БИБЛИОГРАФИИ / УКАЗАТЕЛЯ
Текст примечания Избр. библиогр.: с. 316-324 и в подстроч. примеч.
320 ## - ПРИМЕЧАНИЯ О НАЛИЧИИ В ДОКУМЕНТЕ БИБЛИОГРАФИИ / УКАЗАТЕЛЯ
Текст примечания Указ. имен и терминов: с. 367-380
606 1# - НАИМЕНОВАНИЕ ТЕМЫ КАК ПРЕДМЕТ
Наименование темы Тантризм
Формальный подзаголовок Лекции, доклады и т.п
Географический подзаголовок Тибет
Системный номер авторитетной/нормативной записи 1724719
Идентификатор авторитетной/нормативной записи RU\NLR\AUTH\661066987
606 1# - НАИМЕНОВАНИЕ ТЕМЫ КАК ПРЕДМЕТ
Наименование темы Тантры
Формальный подзаголовок Лекции, доклады и т.п
Системный номер авторитетной/нормативной записи 1116678
Идентификатор авторитетной/нормативной записи RU\NLR\AUTH\66122166
686 1# - ИНДЕКСЫ ДРУГИХ КЛАССИФИКАЦИЙ
Индекс Ю3(5Кит-6Т)
686 2# - ИНДЕКСЫ ДРУГИХ КЛАССИФИКАЦИЙ
Индекс Э358,0
686 2# - ИНДЕКСЫ ДРУГИХ КЛАССИФИКАЦИЙ
Индекс Э355-2
702 #0 - ИМЯ ЛИЦА - ВТОРИЧНАЯ ОТВЕТСТВЕННОСТЬ
Код отношения Прочие
Графика поля Кириллица
Материалы, к которым относится поле rus
Начальный элемент ввода Чжамьян Кенцзэ
Даты 1927-2006
Системный номер авторитетной/нормативной записи 14624
Идентификатор авторитетной/нормативной записи RU\NLR\AUTH\7731614
702 #0 - ИМЯ ЛИЦА - ВТОРИЧНАЯ ОТВЕТСТВЕННОСТЬ
Код отношения Прочие
Графика поля Кириллица
Материалы, к которым относится поле rus
Начальный элемент ввода Нгаван Пэлдэн Чойчжэ
Даты 1797-1864
Системный номер авторитетной/нормативной записи 239987
Идентификатор авторитетной/нормативной записи RU\NLR\AUTH\770240043
702 #1 - ИМЯ ЛИЦА - ВТОРИЧНАЯ ОТВЕТСТВЕННОСТЬ
Код отношения Переводчик
Графика поля Кириллица
Материалы, к которым относится поле rus
Начальный элемент ввода Крапивина
Часть имени, кроме начального элемента ввода Р. Н.
Дополнения к именам, кроме дат канд. ист. наук
Расширение инициалов личного имени Раиса Николаевна
Системный номер авторитетной/нормативной записи 14620
Идентификатор авторитетной/нормативной записи RU\NLR\AUTH\7731610
942 ## - ДОПОЛНИТЕЛЬНЫЕ ЭЛЕМЕНТЫ ЗАПИСИ (АБИС)
Тип экземпляра АБИС Книга
980 ## - КОЛЛЕКЦИЯ
Название коллекции НБР
980 ## - КОЛЛЕКЦИЯ
Название коллекции Национальная библиография

Нет доступных экземпляров.